Opticus neuritisek elektrofiziológiai differenciáldiagnosztikája

Elmentve itt :
Bibliográfiai részletek
Szerzők: Janáky Márta
Fejes Imre Zsolt
Dokumentumtípus: Könyv része
Megjelent: Magyar Allergológiai és Klinikai Immunológiai Társaság Budapest 2008
Sorozat:A sclerosis multiplex szemészeti vonatkozásai: Tudományos Kongresszus. 41 p. Konferencia helye, ideje: Budapest, Magyarország, 2008.09.26.
mtmt:2145158
Online Access:http://publicatio.bibl.u-szeged.hu/2001
LEADER 00977naa a2200205 i 4500
001 publ2001
005 20180620104921.0
008 130118s2008 hu o 0|| zxx d
020 |a 9789637126079 
024 7 |a 2145158  |2 mtmt 
040 |a SZTE Publicatio Repozitórium  |b hun 
041 |a zxx 
100 1 |a Janáky Márta 
245 1 0 |a Opticus neuritisek elektrofiziológiai differenciáldiagnosztikája  |h [elektronikus dokumentum] /  |c  Janáky Márta 
260 |a Magyar Allergológiai és Klinikai Immunológiai Társaság  |b Budapest  |c 2008 
300 |a 23-32 
490 0 |a A sclerosis multiplex szemészeti vonatkozásai: Tudományos Kongresszus. 41 p. Konferencia helye, ideje: Budapest, Magyarország, 2008.09.26. 
700 0 1 |a Fejes Imre Zsolt  |e aut 
856 4 0 |u http://publicatio.bibl.u-szeged.hu/2001/7/Opticus_neuritisek_MAKIT_20082.pdf  |z Dokumentum-elérés  
856 4 0 |u http://publicatio.bibl.u-szeged.hu/2001/8/Opticus_neuritisek_MAKIT_2008_borito_tartalom.pdf  |z Dokumentum-elérés